Barriers to ASEAN meat exports economic impacts of disease outbreaks and policy responses / by (Record no. 3097)
[ view plain ]
| 000 -LEADER | |
|---|---|
| fixed length control field | 00908nam a22002531u 4500 |
| 001 - CONTROL NUMBER | |
| control field | 05773 |
| 003 - CONTROL NUMBER IDENTIFIER | |
| control field | HDC |
| 007 - PHYSICAL DESCRIPTION FIXED FIELD--GENERAL INFORMATION | |
| fixed length control field | cr bn --- |
| 008 - FIXED-LENGTH DATA ELEMENTS--GENERAL INFORMATION | |
| fixed length control field | 210121p2007 |o d 00 engg |
| 040 ## - CATALOGING SOURCE | |
| Original cataloging agency | HDC |
| 100 ## - MAIN ENTRY--PERSONAL NAME | |
| Personal name | Thorpe, Sally |
| Relator term | author |
| 9 (RLIN) | 6095 |
| 245 #0 - TITLE STATEMENT | |
| Title | Barriers to ASEAN meat exports economic impacts of disease outbreaks and policy responses / by |
| Statement of responsibility, etc. | Sally Thorpe, Suthida Warr and Neil Andrews |
| 260 ## - PUBLICATION, DISTRIBUTION, ETC. | |
| Place of publication, distribution, etc. | [No Place] : |
| Name of publisher, distributor, etc. | [publisher not identified], |
| Date of publication, distribution, etc. | 2007 |
| 300 ## - PHYSICAL DESCRIPTION | |
| Extent | 64 pages |
| 336 ## - CONTENT TYPE | |
| Content type term | text |
| Source | rdacontent |
| 337 ## - MEDIA TYPE | |
| Media type term | computer |
| Source | rdamedia |
| 338 ## - CARRIER TYPE | |
| Carrier type term | online resource |
| Source | rdacarrier |
| 650 ## - SUBJECT ADDED ENTRY--TOPICAL TERM | |
| Topical term or geographic name entry element | economic impact |
| 9 (RLIN) | 6097 |
| 650 ## - SUBJECT ADDED ENTRY--TOPICAL TERM | |
| Topical term or geographic name entry element | Meat exports |
| 9 (RLIN) | 6096 |
| 856 ## - ELECTRONIC LOCATION AND ACCESS | |
| Public note | Request full-text at [email protected] |
| 942 ## - ADDED ENTRY ELEMENTS (KOHA) | |
| Source of classification or shelving scheme | Library of Congress Classification |
| 942 ## - ADDED ENTRY ELEMENTS (KOHA) | |
| Koha item type | Electronic Sources |
| 942 ## - ADDED ENTRY ELEMENTS (KOHA) | |
| Call number prefix | REPT 000196 |
| Withdrawn status | Lost status | Source of classification or shelving scheme | Damaged status | Not for loan | Home library | Current library | Shelving location | Date acquired | Total checkouts | Full call number | Date last seen | Price effective from | Koha item type |
|---|---|---|---|---|---|---|---|---|---|---|---|---|---|
| Library of Congress Classification | Halal Development Corporation Library | Halal Development Corporation Library | Open Shelves | 24/05/2023 | REPT 000196 | 24/05/2023 | 24/05/2023 | Electronic Sources |
